Manual do produtor de algodâo /

Guardado en:
Autor Principal: Gridi-Papp, Imre Lalos.
Formato: Libro
Idioma:Portuguese
Publicado: Bolsa de Mercadorias & Futuros, 1992.
Etiquetas: Agregar Etiqueta
Sin Etiquetas, Sea el primero en etiquetar este registro!
LEADER 00449nam a22001335a 4500
001 EEA.libagro005105
005 20181004122556.0
008 130809s1992####bl#a##########000#0#por#d
082 0 4 |a 633.51 
100 1 |a Gridi-Papp, Imre Lalos. 
245 1 0 |a Manual do produtor de algodâo /  |c Imre Lalos Gridi-Papp, et al. 
260 |b Bolsa de Mercadorias & Futuros,  |c 1992. 
300 |a 158, [xl] p. :  |b il. ;  |c 24 cm. 
859 |a AR-BbBCA  |b BIB. AGRONOMIA  |h 633.51  |i G847  |p 1995/2376